000 00258nam a22000857a 4500
008 160718b xxu||||| |||| 00| 0 eng d
100 _92985
_a Wilson, D.C
245 _aDr.Ida Passing on: The Torch of Life
260 _aChennai
_b Evangelical Literature Service
_c2004
999 _c2548
_d2548